h1

h2

h3

h4

h5
h6
000541339 001__ 541339
000541339 005__ 20250930191932.0
000541339 0247_ $$2ISBN$$a978-3-05-005960-0
000541339 0247_ $$2ISBN$$a3-05-005960-5
000541339 0247_ $$2ISBN$$a978-3-05-009423-6
000541339 0247_ $$2ISBN$$a978-3-11-038066-8
000541339 0247_ $$2doi$$a10.1515/9783050094236-003
000541339 037__ $$aRWTH-2015-06500
000541339 041__ $$aGerman
000541339 1001_ $$0P:(DE-82)IDM01608$$aBein, Thomas$$b0$$urwth
000541339 245__ $$aEditionsphilologie$$hprint, online
000541339 260__ $$aBerlin, Boston$$bde Gruyter$$c2015
000541339 29510 $$aLiteratur- und Kulturtheorien in der Germanistischen Mediävistik : ein Handbuch / hrsg. von Christiane Ackermann und Michael Egerding
000541339 300__ $$a35-66
000541339 3367_ $$2DRIVER$$abookPart
000541339 3367_ $$2BibTeX$$aINBOOK
000541339 3367_ $$07$$2EndNote$$aBook Section
000541339 3367_ $$0PUB:(DE-HGF)7$$2PUB:(DE-HGF)$$aContribution to a book$$bcontb$$mcontb
000541339 3367_ $$2DataCite$$aOutput Types/Book chapter
000541339 3367_ $$2ORCID$$aBOOK_CHAPTER
000541339 4900_ $$aDe Gruyter reference
000541339 5203_ $$lger
000541339 520__ $$leng
000541339 591__ $$aGermany
000541339 909CO $$ooai:publications.rwth-aachen.de:541339$$pVDB
000541339 9201_ $$0I:(DE-82)792220_20140620$$k792220$$lLehr- und Forschungsgebiet Germanistik/Mediävistik$$x0
000541339 961__ $$c2015-11-12T08:59:50.568536$$x2015-11-12T08:59:50.568536$$z2015-11-13
000541339 980__ $$acontb
000541339 980__ $$aUNRESTRICTED
000541339 980__ $$aVDB
000541339 980__ $$aI:(DE-82)792220_20140620